The dutch shoe mystery

Guardat en:
Dades bibliogràfiques
Autor principal: Queen, Ellery (Autor)
Format: Llibre
Idioma:anglès
Publicat: Nueva York Pocket Books 1943
Matèries:
Etiquetes: Afegir etiqueta
Sense etiquetes, Sigues el primer a etiquetar aquest registre!

MARC

LEADER 00000nam a2200000 a 4500
001 UCQ4785
003 CL-VaPUC
008 980910e19430000US |||||||||||||||||eng|d
082 0 4 |a 813  |b QUE  |2 21 
100 0 |a Queen, Ellery  |e author  |9 418969 
245 1 4 |a The dutch shoe mystery 
300 |a 292 p 
942 |c BK 
945 |d 19980910 00:00:00  |a crobeson 
260 |a Nueva York  |b Pocket Books  |c 1943 
650 0 |a Novelas estadounidenses  |9 265217 
650 0 |a Literatura estadounidense  |9 317168 
583 |a last modification  |c 19980910 00:00:00  |k Rodrigo Vera 
999 |c 275087  |d 275085